Impuestos a los sellos y otros temas frente a la hiperinflación (Registro nro. 18075)

Detalles MARC
000 -LEADER
fixed length control field 00384 a2200121 4500
001 - CONTROL NUMBER
control field ART_12846
005 - DATE AND TIME OF LATEST TRANSACTION
control field 20260410161733.0
008 - FIXED-LENGTH DATA ELEMENTS--GENERAL INFORMATION
fixed length control field 260409a
100 1# - MAIN ENTRY--PERSONAL NAME
Personal name Llanos, Eduardo
245 10 - TITLE STATEMENT
Title Impuestos a los sellos y otros temas frente a la hiperinflación
700 1# - ADDED ENTRY--PERSONAL NAME
Personal name Tomá, Pascual R.
773 0# - HOST ITEM ENTRY
Title Ejecutivos de finanzas
Related parts - Año 7, Nº 58 (ago. 1989)
Record control number REV2863

No hay ítems disponibles.